000 00409cam a2200181 4500
001 D12501
008 090401t1901 xxu||||| |||| 00| 0 eng d
035 _a(Sirsi) u3846
041 _aeng
100 _aCragg, Anthony Richard
245 _aHints to young valuers
250 _a2nd
260 _bLand Agents Record Ltd
_c1901
350 _a0
520 _aShelf 114
942 _n0
948 _c04/03/1997
999 _c85947
_d85947